000 00281nam a22001217a 4500
082 _a823
_bCON/T
100 _aCONELLY, NEIL
245 _aTHE FIRST PRIZE CARROT
260 _aUNITED STATES
_bOTTENHEIMER
_c1994
300 _a10
650 _aENGLISH STORY
_zUNITED STATES
942 _cBK
999 _c7509
_d7509